[Event "WchT Seniors 50"]
[Site "Radebeul"]
[Date "2016.06.26"]
[Round "1.2"]
[White "Speelman, Jonathan S"]
[Black "Van Geffen, Ben"]
[Result "1-0"]
[WhiteElo "2523"]
[BlackElo "2114"]
[PlyCount "97"]
[EventDate "2016.06.26"]
[EventType "team-swiss"]
[EventRounds "9"]
[EventCountry "GER"]
[SourceTitle "CBM 173 Extra"]
[Source "ChessBase"]
[SourceDate "2016.08.29"]
[SourceVersion "1"]
[SourceVersionDate "2016.08.29"]
[SourceQuality "1"]
[WhiteTeam "England"]
[BlackTeam "Oranje II"]
[WhiteTeamCountry "ENG"]
[BlackTeamCountry "NED"]

1. d4 Nf6 2. Nf3 b6 3. Bg5 e6 4. Nbd2 Bb7 5. e3 Be7 6. Bd3 0-0 7. e4 d5 8. e5 Ne4 9. h4 Nd7 10. Qe2 f5 11. exf6 Ndxf6 12. Bxf6 Bxf6 13. Nxe4 dxe4 14. Bxe4 Bxe4 15. Qxe4 Qd5 16. Qxd5 exd5 17. 0-0-0 Rae8 18. Rde1 c5 19. dxc5 bxc5 20. c3 Kf7 21. Rxe8 Rxe8 22. Rd1 Rd8 23. Re1 Re8 24. Rxe8 Kxe8 25. Kd2 h5 26. g3 Kd7 27. Ne1 Be5 28. Nd3 Bd6 29. Ke3 Ke6 30. Nf4+ Bxf4+ 31. Kxf4 Kf6 32. b4 d4 33. bxc5 dxc3 34. Ke3 c2 35. Kd2 Ke5 36. Kxc2 Kd5 37. Kd3 Kxc5 38. f3 Kd5 39. g4 Ke5 40. Ke3 g6 41. gxh5 gxh5 42. f4+ Kd5 43. Kd3 a5 44. a4 Ke6 45. Ke4 Kf6 46. f5 Kf7 47. Ke5 Ke7 48. f6+ Kf7 49. Kf5 1-0

[Event "Hessen-ch Seniors op 12th"]
[Site "Bad Sooden-Allendorf"]
[Date "2016.05.08"]
[Round "8"]
[White "Van Geffen, Ben"]
[Black "Hilbig, Dieter"]
[Result "1-0"]
[WhiteElo "2104"]
[BlackElo "2001"]
[PlyCount "67"]
[EventDate "2016.04.30"]
[EventType "swiss"]
[EventRounds "9"]
[EventCountry "GER"]
[SourceTitle "EXT 2019"]
[Source "ChessBase"]
[SourceDate "2018.10.10"]
[SourceVersion "1"]
[SourceVersionDate "2018.10.10"]
[SourceQuality "1"]

1. e4 c5 2. Nf3 Nc6 3. d4 cxd4 4. Nxd4 e5 5. Nb5 d6 6. N1c3 a6 7. Na3 b5 8. Nd5 Nf6 9. Bg5 Be7 10. Bxf6 gxf6 11. c3 f5 12. exf5 Bxf5 13. Nc2 0-0 14. Nce3 Bg6 15. g3 f5 16. Bg2 Ra7 17. 0-0 Nb8 18. a4 bxa4 19. Qxa4 Kh8 20. Rfd1 Be8 21. Qc2 Bg6 22. Qd2 Bg5 23. f4 Bf6 24. Nxf6 Rxf6 25. fxe5 Re6 26. Qd4 Rd7 27. exd6+ Kg8 28. Bd5 Bf7 29. Nxf5 Rf6 30. Ne7+ Kg7 31. Bxf7 Kxf7 32. Qd5+ Kg7 33. Qd4 Kf7 34. Rf1 1-0

[Event "Hessen-ch Seniors op 11th"]
[Site "Bad Sooden-Allendorf"]
[Date "2015.05.15"]
[Round "7"]
[White "Just, Joachim"]
[Black "Van Geffen, Ben"]
[Result "1/2-1/2"]
[WhiteElo "1969"]
[BlackElo "2072"]
[PlyCount "38"]
[EventDate "2015.05.09"]
[EventType "swiss"]
[EventRounds "9"]
[EventCountry "GER"]
[SourceTitle "EXT 2018"]
[Source "ChessBase"]
[SourceDate "2017.10.13"]
[SourceVersion "1"]
[SourceVersionDate "2017.10.13"]
[SourceQuality "1"]

1. d4 Nf6 2. Nf3 c5 3. c3 cxd4 4. cxd4 g6 5. Nc3 d5 6. Bf4 Nc6 7. e3 a6 8. Be2 Bg7 9. Ne5 Qb6 10. 0-0 0-0 11. Na4 Qd8 12. Nxc6 bxc6 13. Rc1 Bd7 14. Be5 Ne4 15. Bxg7 Kxg7 16. Nc5 Nxc5 17. Rxc5 Qb6 18. Qc2 Rfb8 19. Rb1 a5 1/2-1/2

[Event "EU-chT Seniors 15th"]
[Site "Dresden"]
[Date "2013.07.27"]
[Round "8"]
[White "Schmidt, Gerhard3333"]
[Black "Van Geffen, Ben"]
[Result "1/2-1/2"]
[WhiteElo "2235"]
[BlackElo "2096"]
[PlyCount "33"]
[EventDate "2013.07.20"]
[EventType "team-swiss"]
[EventRounds "9"]
[EventCountry "GER"]
[SourceTitle "CBM 155 Extra"]
[Source "ChessBase"]
[SourceDate "2013.08.26"]
[SourceVersion "1"]
[SourceVersionDate "2013.08.26"]
[SourceQuality "1"]
[WhiteTeam "Dresden USV TU"]
[BlackTeam "Netherlands"]
[WhiteTeamCountry "GER"]
[BlackTeamCountry "NED"]

1. d4 Nf6 2. Nf3 e6 3. c4 c5 4. e3 cxd4 5. exd4 d5 6. Nc3 Nc6 7. Bg5 Be7 8. Bd3 0-0 9. 0-0 Nb4 10. Be2 dxc4 11. Bxc4 b6 12. Qe2 Bb7 13. Ne5 Nbd5 14. f4 Nxc3 15. bxc3 Nd5 16. Bxe7 Qxe7 17. Bxd5 1/2-1/2

[Event "EU-chT Seniors 15th"]
[Site "Dresden"]
[Date "2013.07.22"]
[Round "3"]
[White "Pape, Manfred"]
[Black "Van Geffen, Ben"]
[Result "1/2-1/2"]
[WhiteElo "2216"]
[BlackElo "2096"]
[PlyCount "96"]
[EventDate "2013.07.20"]
[EventType "team-swiss"]
[EventRounds "9"]
[EventCountry "GER"]
[SourceTitle "CBM 155 Extra"]
[Source "ChessBase"]
[SourceDate "2013.08.26"]
[SourceVersion "1"]
[SourceVersionDate "2013.08.26"]
[SourceQuality "1"]
[WhiteTeam "Widukind"]
[BlackTeam "Netherlands"]
[WhiteTeamCountry "GER"]
[BlackTeamCountry "NED"]

1. Nf3 c5 2. g3 Nf6 3. Bg2 Nc6 4. d3 d5 5. Nbd2 g6 6. 0-0 Bg7 7. c4 0-0 8. a3 Qc7 9. Rb1 Rd8 10. cxd5 Nxd5 11. Qc2 Nd4 12. Nxd4 cxd4 13. Qxc7 Nxc7 14. Nc4 Nd5 15. h3 Be6 16. Bd2 b6 17. a4 Rac8 18. Rfc1 h6 19. Na3 Kh7 20. Nb5 a6 21. Na3 Be5 22. Nc4 Bc7 23. Rc2 Bb8 24. Rbc1 Ba7 25. Ne5 Rxc2 26. Rxc2 Bb8 27. Nc6 Rc8 28. Nxd4 Rxc2 29. Nxc2 Be5 30. d4 Bf6 31. e4 Nc7 32. d5 Bd7 33. b3 a5 34. Bf1 e6 35. Bf4 Ne8 36. Be3 Bd8 37. Nd4 exd5 38. exd5 Nd6 39. Kh2 Nf5 40. Nxf5 Bxf5 41. Bd4 Kg8 42. Bc4 Kf8 43. f3 Ke7 44. Kg2 Kd6 45. h4 h5 46. Kf2 Bc8 47. Ke3 Bb7 48. f4 Bxd5 1/2-1/2

[Event "EU-chT Seniors 15th"]
[Site "Dresden"]
[Date "2013.07.21"]
[Round "2"]
[White "Van Geffen, Ben"]
[Black "Bussler, Juergen"]
[Result "1-0"]
[WhiteElo "2096"]
[BlackElo "2024"]
[PlyCount "75"]
[EventDate "2013.07.20"]
[EventType "team-swiss"]
[EventRounds "9"]
[EventCountry "GER"]
[SourceTitle "CBM 155 Extra"]
[Source "ChessBase"]
[SourceDate "2013.08.26"]
[SourceVersion "1"]
[SourceVersionDate "2013.08.26"]
[SourceQuality "1"]
[WhiteTeam "Netherlands"]
[BlackTeam "Bannewitz"]
[WhiteTeamCountry "NED"]
[BlackTeamCountry "GER"]

1. e4 d5 2. exd5 Qxd5 3. Nf3 Bg4 4. Be2 Nf6 5. d4 e6 6. 0-0 Be7 7. h3 Bh5 8. Bf4 c6 9. c4 Qd8 10. Nc3 0-0 11. Re1 Nbd7 12. d5 exd5 13. cxd5 cxd5 14. Nxd5 Nxd5 15. Qxd5 Bg6 16. Bb5 Nc5 17. Qxd8 Bxd8 18. Bd6 Bb6 19. Bxf8 Kxf8 20. Ne5 Bf5 21. Nc4 Bc7 22. Ne3 Be6 23. Rac1 Bd6 24. Red1 Be7 25. Bc4 Bxc4 26. Rxc4 b6 27. b4 Ne6 28. a3 b5 29. Rc6 a5 30. Rdc1 Rd8 31. bxa5 Nd4 32. a6 Ne2+ 33. Kf1 Nxc1 34. Rxc1 Bxa3 35. Rc7 Bd6 36. Rb7 Ra8 37. a7 g6 38. Nd5 1-0

[Event "Hessen-ch Seniors op 08th"]
[Site "Bad Sooden-Allendorf"]
[Date "2012.04.20"]
[Round "7"]
[White "Schwertel, Johann"]
[Black "Van Geffen, Ben"]
[Result "1/2-1/2"]
[WhiteElo "1988"]
[BlackElo "2135"]
[PlyCount "58"]
[EventDate "2012.04.14"]
[EventType "swiss"]
[EventRounds "9"]
[EventCountry "GER"]
[SourceTitle "EXT 2019"]
[Source "ChessBase"]
[SourceDate "2018.10.10"]
[SourceVersion "1"]
[SourceVersionDate "2018.10.10"]
[SourceQuality "1"]

1. d4 Nf6 2. Nf3 b6 3. g3 Bb7 4. Bg2 e6 5. 0-0 Be7 6. Ne5 Bxg2 7. Kxg2 0-0 8. c3 c5 9. e3 d5 10. Nd2 Nfd7 11. Ndf3 Bf6 12. Nd3 Nc6 13. Qa4 Qc7 14. Qd1 Rad8 15. Nf4 Qd6 16. h4 e5 17. dxe5 Ndxe5 18. Nd3 Nxf3 19. Qxf3 Ne5 20. Nxe5 Qxe5 21. Bd2 Qe4 22. Rad1 Qa4 23. a3 Qc4 24. Rfe1 Rfe8 25. Bc1 h6 26. Qe2 Qe4+ 27. Qf3 Qc4 28. Qe2 Qe4+ 29. Qf3 Qc4 1/2-1/2

[Event "EU-chT Seniors"]
[Site "Rogaska Slatina"]
[Date "2012.03.31"]
[Round "5.19"]
[White "Gustavsson, Sture"]
[Black "Van Geffen, Ben"]
[Result "1/2-1/2"]
[WhiteElo "2018"]
[BlackElo "2113"]
[PlyCount "110"]
[EventDate "2012.03.27"]
[EventType "team-swiss"]
[EventRounds "9"]
[EventCountry "SLO"]
[SourceTitle "CBM 147 Extra"]
[Source "ChessBase"]
[SourceDate "2012.04.24"]
[SourceVersion "1"]
[SourceVersionDate "2012.04.24"]
[SourceQuality "1"]
[WhiteTeam "Sweden (Seniors) IV"]
[BlackTeam "Oranje (Seniors)"]
[WhiteTeamCountry "SWE"]
[BlackTeamCountry "NED"]

1. d4 c5 2. e3 Nf6 3. Nf3 g6 4. Bd3 Bg7 5. b3 0-0 6. 0-0 cxd4 7. exd4 Nc6 8. Bb2 d5 9. Nbd2 Nb4 10. Be2 Bf5 11. Ne1 Rc8 12. c3 Nc6 13. Bd3 Qd7 14. Bxf5 Qxf5 15. Ndf3 Ne4 16. Nd3 Rfd8 17. Rc1 b6 18. Qe2 Rd6 19. Nfe5 Nxe5 20. Nxe5 Bxe5 21. dxe5 Rdc6 22. c4 dxc4 23. Rxc4 Rxc4 24. bxc4 Nc5 25. Rd1 Ne6 26. h3 Qf4 27. Rd7 Qxc4 28. Qxc4 Rxc4 29. Ba3 Rc7 30. Rxe7 Rxe7 31. Bxe7 Nf4 32. g3 Nd5 33. Bd6 g5 34. Kg2 Kg7 35. Kf3 f5 36. exf6+ Kxf6 37. a3 Kf5 38. Bb8 a5 39. Bd6 b5 40. Ke2 b4 41. axb4 axb4 42. Kd3 b3 43. Ba3 g4 44. hxg4+ Kxg4 45. Kc4 Nf6 46. Kxb3 Ne4 47. Kc2 Kf3 48. Be7 h5 49. Kd3 Nxf2+ 50. Kd4 Ne4 51. Bd8 Nxg3 52. Kd3 Nf5 53. Kd2 Kf2 54. Kd3 Kf3 55. Kd2 Kf2 1/2-1/2

[Event "Hessen-ch Seniors op 07th"]
[Site "Bad Sooden-Allendorf"]
[Date "2011.05.08"]
[Round "9"]
[White "Wuensch, Ulrich"]
[Black "Van Geffen, Ben"]
[Result "1-0"]
[WhiteElo "2109"]
[BlackElo "2124"]
[PlyCount "47"]
[EventDate "2011.04.30"]
[EventType "swiss"]
[EventRounds "9"]
[EventCountry "GER"]
[SourceTitle "EXT 2012"]
[Source "ChessBase"]
[SourceDate "2011.11.24"]
[SourceVersion "1"]
[SourceVersionDate "2011.11.24"]
[SourceQuality "1"]

1. d4 Nf6 2. Nf3 e6 3. e3 b6 4. Bd3 Bb7 5. Nbd2 d5 6. 0-0 Be7 7. c4 0-0 8. b3 Nbd7 9. Bb2 c5 10. Rc1 Rc8 11. Qe2 Re8 12. Rfd1 Rc7 13. Ne5 Nf8 14. Ndf3 Qa8 15. cxd5 Nxd5 16. dxc5 Rxc5 17. Rxc5 bxc5 18. Nxf7 Kxf7 19. Ne5+ Kg8 20. Qh5 Ng6 21. Nxg6 hxg6 22. Bxg6 Bf6 23. Rxd5 Bxb2 24. Rd7 1-0

[Event "Hessen-ch Seniors op 07th"]
[Site "Bad Sooden-Allendorf"]
[Date "2011.05.02"]
[Round "3"]
[White "Ahlberg, Guenter"]
[Black "Van Geffen, Ben"]
[Result "0-1"]
[WhiteElo "1887"]
[BlackElo "2124"]
[PlyCount "54"]
[EventDate "2011.04.30"]
[EventType "swiss"]
[EventRounds "9"]
[EventCountry "GER"]
[SourceTitle "EXT 2012"]
[Source "ChessBase"]
[SourceDate "2011.11.24"]
[SourceVersion "1"]
[SourceVersionDate "2011.11.24"]
[SourceQuality "1"]

1. e4 e5 2. Nf3 Nc6 3. Bb5 Bc5 4. c3 f5 5. d3 fxe4 6. dxe4 Nf6 7. Qe2 Qe7 8. 0-0 0-0 9. Nbd2 d6 10. Bxc6 bxc6 11. h3 Kh8 12. Nb3 Bb6 13. Be3 Nh5 14. Nbd2 Nf4 15. Bxf4 Rxf4 16. Rfe1 a5 17. a4 Ba6 18. Qd1 Raf8 19. c4 Qf7 20. Qc2 Qh5 21. Qc3 Bc8 22. Ra3 Bxh3 23. g3 R4f7 24. c5 Bxc5 25. Rb3 Bg4 26. Qxa5 Bxf3 27. Nxf3 Rxf3 0-1

[Event "Hoogeveen Unive op"]
[Site "Hoogeveen"]
[Date "2010.10.22"]
[Round "1"]
[White "Van Geffen, Ben"]
[Black "Dvirnyy, Danyyil"]
[Result "1-0"]
[WhiteElo "2171"]
[BlackElo "2481"]
[PlyCount "55"]
[EventDate "2010.10.22"]
[EventType "swiss"]
[EventRounds "9"]
[EventCountry "NED"]
[SourceTitle "EXT 2011"]
[Source "ChessBase"]
[SourceDate "2010.11.26"]
[SourceVersion "1"]
[SourceVersionDate "2010.11.26"]
[SourceQuality "1"]

1. e4 c5 2. Nf3 d6 3. d4 cxd4 4. Nxd4 Nf6 5. Nc3 g6 6. Be3 Bg7 7. f3 0-0 8. Qd2 Nc6 9. Bc4 Bd7 10. h4 Na5 11. Bb3 h5 12. 0-0-0 b5 13. Ndxb5 Qb8 14. Nd4 Nxb3+ 15. Nxb3 a5 16. Bh6 Bxh6 17. Qxh6 a4 18. Nd4 Qb4 19. a3 Qc4 20. g4 Rab8 21. gxh5 Rxb2 22. Rd3 Rfb8 23. hxg6 Qxc3 24. Rxc3 Rb1+ 25. Kd2 Rxh1 26. Rc7 Rh2+ 27. Kd3 Rg2 28. h5 1-0

[Event "EU-chT Seniors 12th"]
[Site "Dresden"]
[Date "2010.02.18"]
[Round "9"]
[White "Sloth, Jorn"]
[Black "Van Geffen, Ben"]
[Result "1/2-1/2"]
[WhiteElo "2300"]
[BlackElo "2174"]
[PlyCount "75"]
[EventDate "2010.02.10"]
[EventType "team-swiss"]
[EventRounds "9"]
[EventCountry "GER"]
[SourceTitle "CBM 134 Extra"]
[Source "ChessBase"]
[SourceDate "2010.03.03"]
[SourceVersion "1"]
[SourceVersionDate "2010.03.03"]
[SourceQuality "1"]
[WhiteTeam "Denmark (Seniors)"]
[BlackTeam "Oranje (Seniors)"]
[WhiteTeamCountry "DEN"]
[BlackTeamCountry "NED"]

1. c4 Nf6 2. Nf3 c5 3. Nc3 d5 4. cxd5 Nxd5 5. g3 Nc6 6. Bg2 Nc7 7. b3 e5 8. 0-0 Be7 9. Bb2 0-0 10. Qb1 f6 11. Rd1 Be6 12. d3 Qd7 13. Rd2 Rac8 14. Qf1 b6 15. Rad1 Rcd8 16. h3 Nd4 17. Kh2 Nd5 18. e3 Nxc3 19. Bxc3 Nxf3+ 20. Bxf3 Bd5 21. Qg2 Qc6 22. Bxd5+ Qxd5 23. Qxd5+ Rxd5 24. Kg2 Rfd8 25. e4 R5d7 26. f4 Bd6 27. Kf3 Kf7 28. Rf2 Ke6 29. f5+ Kf7 30. Ke2 Bc7 31. Rf3 b5 32. Rc1 Bb6 33. Be1 Rc7 34. a4 a6 35. Bf2 Rdc8 36. Kd1 Ba5 37. Be3 Bb6 38. Bd2 1/2-1/2

[Event "EU-chT Seniors 12th"]
[Site "Dresden"]
[Date "2010.02.13"]
[Round "4"]
[White "Van Geffen, Ben"]
[Black "Kivipelto, Kaj Erik"]
[Result "1/2-1/2"]
[WhiteElo "2174"]
[BlackElo "2185"]
[PlyCount "48"]
[EventDate "2010.02.10"]
[EventType "team-swiss"]
[EventRounds "9"]
[EventCountry "GER"]
[SourceTitle "CBM 134 Extra"]
[Source "ChessBase"]
[SourceDate "2010.03.03"]
[SourceVersion "1"]
[SourceVersionDate "2010.03.03"]
[SourceQuality "1"]
[WhiteTeam "Oranje (Seniors)"]
[BlackTeam "Helsinki (Seniors)"]
[WhiteTeamCountry "NED"]
[BlackTeamCountry "FIN"]

1. e4 c5 2. Nf3 Nc6 3. d4 cxd4 4. Nxd4 Nf6 5. Nc3 d6 6. Bg5 g6 7. Bxf6 exf6 8. Qd2 Bg7 9. Bb5 Bd7 10. 0-0 0-0 11. Nb3 f5 12. Bxc6 bxc6 13. Qxd6 fxe4 14. Rad1 Bg4 15. Rd2 Bxc3 16. bxc3 Qxd6 17. Rxd6 Rfd8 18. Rxc6 Rac8 19. Rxc8 Rxc8 20. h3 Be6 21. Re1 Rxc3 22. Rxe4 Rxc2 23. Ra4 Rb2 24. Rxa7 Bxb3 1/2-1/2

[Event "EU-chT Seniors 12th"]
[Site "Dresden"]
[Date "2010.02.10"]
[Round "1"]
[White "Dahl, Ivar M"]
[Black "Van Geffen, Ben"]
[Result "1/2-1/2"]
[WhiteElo "1949"]
[BlackElo "2174"]
[PlyCount "103"]
[EventDate "2010.02.10"]
[EventType "team-swiss"]
[EventRounds "9"]
[EventCountry "GER"]
[SourceTitle "CBM 134 Extra"]
[Source "ChessBase"]
[SourceDate "2010.03.03"]
[SourceVersion "1"]
[SourceVersionDate "2010.03.03"]
[SourceQuality "1"]
[WhiteTeam "Blindern Oldtimers (Seniors)"]
[BlackTeam "Oranje (Seniors)"]
[WhiteTeamCountry "NOR"]
[BlackTeamCountry "NED"]

1. Nf3 c5 2. c4 Nf6 3. b3 g6 4. Bb2 Bg7 5. e3 0-0 6. Be2 Nc6 7. 0-0 d5 8. cxd5 Nxd5 9. Bxg7 Kxg7 10. d4 cxd4 11. Nxd4 Ndb4 12. Nxc6 Nxc6 13. Nc3 Qa5 14. Qc1 Be6 15. Qb2 Qe5 16. Na4 Rac8 17. Bf3 b5 18. Bxc6 Qxb2 19. Nxb2 Rxc6 20. Rfc1 Rfc8 21. Rxc6 Rxc6 22. Nd3 Rc3 23. Nf4 Kf6 24. Ne2 Rc5 25. b4 Rc2 26. Nd4 Rxa2 27. Rxa2 Bxa2 28. Nxb5 a6 29. Nc3 Bc4 30. f4 h6 31. Kf2 e5 32. g3 Ke6 33. Kf3 Bd5+ 34. Ke2 Bc4+ 35. Kd2 Kd6 36. Kc2 Ke6 37. Kc1 Kd6 38. Kb2 Ke6 39. Ka3 Bb5 40. Kb3 Kd6 41. Kc2 Bc4 42. Kd2 Ke6 43. Ke1 Kd6 44. Kf2 Ke6 45. Kg2 Kf6 46. Kf3 Ke6 47. Na4 Bb5 48. Nc3 Bc6+ 49. Kf2 Kd6 50. Ke1 Bb5 51. Kd2 Bc4 52. Kc1 1/2-1/2

[Event "Hessen-ch Seniors op 05th"]
[Site "Bad Sooden-Allendorf"]
[Date "2009.05.03"]
[Round "9"]
[White "Van Geffen, Ben"]
[Black "Stimpel, Franz"]
[Result "1/2-1/2"]
[WhiteElo "2126"]
[BlackElo "2118"]
[PlyCount "62"]
[EventDate "2009.04.25"]
[EventType "swiss"]
[EventRounds "9"]
[EventCountry "GER"]
[SourceTitle "EXT 2022"]
[Source "ChessBase"]
[SourceDate "2021.10.06"]
[SourceVersion "1"]
[SourceVersionDate "2021.10.06"]
[SourceQuality "1"]

1. e4 e6 2. d4 d5 3. Nc3 Bb4 4. e5 Ne7 5. Bd2 b6 6. Nh3 Nf5 7. Bd3 Nc6 8. a3 Be7 9. Ne2 0-0 10. c3 Nh4 11. 0-0 Na5 12. Qc2 g6 13. Bh6 Re8 14. f4 Nf5 15. Bxf5 exf5 16. Rae1 c5 17. Bg5 Ba6 18. Bxe7 Qxe7 19. Rf3 Rac8 20. Qd1 Nc4 21. Qc2 b5 22. Nf2 b4 23. axb4 cxb4 24. g4 b3 25. Qc1 Qd7 26. h3 Kh8 27. Ng3 Nb6 28. gxf5 gxf5 29. Qb1 Nc4 30. Qc1 Nb6 31. Qb1 Nc4 1/2-1/2

[Event "Hessen-ch Seniors op 05th"]
[Site "Bad Sooden-Allendorf"]
[Date "2009.05.01"]
[Round "7"]
[White "Raedeker, Bernd"]
[Black "Van Geffen, Ben"]
[Result "1/2-1/2"]
[WhiteElo "2086"]
[BlackElo "2126"]
[PlyCount "83"]
[EventDate "2009.04.25"]
[EventType "swiss"]
[EventRounds "9"]
[EventCountry "GER"]
[SourceTitle "EXT 2022"]
[Source "ChessBase"]
[SourceDate "2021.10.06"]
[SourceVersion "1"]
[SourceVersionDate "2021.10.06"]
[SourceQuality "1"]

1. d4 Nf6 2. c4 g6 3. Nc3 d5 4. cxd5 Nxd5 5. Bd2 Bg7 6. e4 Nxc3 7. Bxc3 0-0 8. Nf3 Bg4 9. Be2 Nc6 10. d5 Bxf3 11. gxf3 Bxc3+ 12. bxc3 Na5 13. h4 c6 14. c4 cxd5 15. cxd5 Rc8 16. h5 Qc7 17. Qd4 Qc3+ 18. Qxc3 Rxc3 19. hxg6 hxg6 20. Kd2 Rfc8 21. Rac1 Rxc1 22. Rxc1 Rxc1 23. Kxc1 b6 24. Kb2 Kf8 25. Kc3 Ke8 26. Kb4 Kd7 27. Bb5+ Kd8 28. f4 f6 29. Kc3 Nb7 30. e5 Nc5 31. Kd4 a6 32. Be2 Ke8 33. Bd1 Nd7 34. Ba4 Kd8 35. Bc2 g5 36. e6 Nc5 37. fxg5 fxg5 38. a4 Nb7 39. Bd3 a5 40. Bb5 Kc7 41. Ke5 Nd6 42. Bd3 1/2-1/2

[Event "Hessen-ch Seniors op 05th"]
[Site "Bad Sooden-Allendorf"]
[Date "2009.04.28"]
[Round "4"]
[White "Van Geffen, Ben"]
[Black "Rychlik, Kurt"]
[Result "1-0"]
[WhiteElo "2126"]
[BlackElo "1952"]
[PlyCount "67"]
[EventDate "2009.04.25"]
[EventType "swiss"]
[EventRounds "9"]
[EventCountry "GER"]
[SourceTitle "EXT 2022"]
[Source "ChessBase"]
[SourceDate "2021.10.06"]
[SourceVersion "1"]
[SourceVersionDate "2021.10.06"]
[SourceQuality "1"]

1. e4 g6 2. d4 Bg7 3. Nc3 c6 4. Nf3 d6 5. a4 a5 6. h3 Qc7 7. Bc4 e6 8. 0-0 Ne7 9. Bg5 0-0 10. Qd2 Re8 11. Rfe1 Nd7 12. Rad1 Nb6 13. Bf1 Bd7 14. e5 d5 15. b3 Nbc8 16. Nh2 Kh8 17. Ng4 Ng8 18. h4 h5 19. Nf6 Nxf6 20. Bxf6 Kh7 21. Bxg7 Kxg7 22. Qf4 Qd8 23. Rd3 Rf8 24. Rf3 f5 25. exf6+ Rxf6 26. Qe5 Kf7 27. Ree3 Rxf3 28. Rxf3+ Kg8 29. Bd3 Ne7 30. Rf6 Qe8 31. Qg5 Kg7 32. Ne2 Nf5 33. Nf4 Kh7 34. Rxg6 1-0

[Event "Hessen-ch Seniors op 05th"]
[Site "Bad Sooden-Allendorf"]
[Date "2009.04.27"]
[Round "3"]
[White "Van Geffen, Ben"]
[Black "Schwertel, Johann"]
[Result "1-0"]
[WhiteElo "2126"]
[BlackElo "1862"]
[PlyCount "33"]
[EventDate "2009.04.25"]
[EventType "swiss"]
[EventRounds "9"]
[EventCountry "GER"]
[SourceTitle "EXT 2022"]
[Source "ChessBase"]
[SourceDate "2021.10.06"]
[SourceVersion "1"]
[SourceVersionDate "2021.10.06"]
[SourceQuality "1"]

1. e4 c6 2. d4 d5 3. Nd2 dxe4 4. Nxe4 Bf5 5. Ng3 Bd7 6. Nf3 Nf6 7. Bd3 Bg4 8. c3 e6 9. h3 Bxf3 10. Qxf3 Qd5 11. Ne4 Nbd7 12. 0-0 Qa5 13. a4 Nxe4 14. Bxe4 Nf6 15. Bxc6+ Kd8 16. Bxb7 Rb8 17. Bf4 1-0

[Event "Hessen-ch Seniors op 05th"]
[Site "Bad Sooden-Allendorf"]
[Date "2009.04.26"]
[Round "2"]
[White "Schroeder, Christian"]
[Black "Van Geffen, Ben"]
[Result "1/2-1/2"]
[WhiteElo "1848"]
[BlackElo "2126"]
[PlyCount "41"]
[EventDate "2009.04.25"]
[EventType "swiss"]
[EventRounds "9"]
[EventCountry "GER"]
[SourceTitle "EXT 2022"]
[Source "ChessBase"]
[SourceDate "2021.10.06"]
[SourceVersion "1"]
[SourceVersionDate "2021.10.06"]
[SourceQuality "1"]

1. d4 Nf6 2. c4 g6 3. Nc3 d5 4. e3 Bg7 5. b4 0-0 6. Qb3 c6 7. Nf3 a5 8. b5 dxc4 9. Bxc4 c5 10. Bb2 cxd4 11. Nxd4 Nbd7 12. Na4 Ne4 13. Rd1 Nec5 14. Nxc5 Nxc5 15. Qa3 Qb6 16. Rc1 e5 17. Nf3 Be6 18. Bxe5 Bxc4 19. Rxc4 Bxe5 20. Nxe5 Rac8 21. 0-0 1/2-1/2

[Event "EU-chT Seniors 11th"]
[Site "Velden"]
[Date "2009.04.11"]
[Round "7"]
[White "Van Geffen, Ben"]
[Black "Mujunen, Martti"]
[Result "1-0"]
[WhiteElo "2134"]
[BlackElo "2155"]
[PlyCount "87"]
[EventDate "2009.04.05"]
[EventType "team-swiss"]
[EventRounds "9"]
[EventCountry "AUT"]
[SourceTitle "CBM 129 Extra"]
[Source "ChessBase"]
[SourceDate "2009.05.05"]
[SourceVersion "2"]
[SourceVersionDate "2009.05.20"]
[SourceQuality "1"]

1. e4 e5 2. Nf3 Nc6 3. Bc4 Nf6 4. Ng5 d5 5. exd5 b5 6. Bf1 h6 7. Nxf7 Kxf7 8. dxc6 Qd5 9. Qf3 Qxf3 10. gxf3 Rb8 11. Nc3 a6 12. a4 b4 13. Bc4+ Be6 14. Bxe6+ Kxe6 15. Ne4 Nh5 16. b3 Kd5 17. d3 Kxc6 18. Be3 Bd6 19. Ke2 Rhf8 20. Rag1 Rf7 21. Rg4 Rbf8 22. Rh4 Nf6 23. Rg1 Nd5 24. Rg3 a5 25. Rhg4 g5 26. h4 Nc3+ 27. Kd2 Rxf3 28. Rxf3 Rxf3 29. Nxc3 bxc3+ 30. Kxc3 gxh4 31. Rxh4 Bb4+ 32. Kc4 Be1 33. Rxh6+ Kb7 34. Rh2 Rf6 35. Kd5 Bc3 36. Rh6 Rf8 37. Re6 Rh8 38. Kc4 Bb2 39. Re7 Kc6 40. Re6+ Kb7 41. c3 Rh4+ 42. d4 exd4 43. Bxd4 Rh5 44. Re5 1-0